Normal view
MARC view
Entry Personal Name
001 - CONTROL NUMBER
- control field: 235058
003 - CONTROL NUMBER IDENTIFIER
- control field: OSt
005 - DATE AND TIME OF LATEST TRANSACTION
- control field: 20250812100132.0
008 - FIXED-LENGTH DATA ELEMENTS
- fixed length control field: 250812|| aca||aabn | a|a d
040 ## - CATALOGING SOURCE
- Original cataloging agency: OSt
- Transcribing agency: OSt
100 ## - HEADING--PERSONAL NAME
- Personal name: DE SOUZA (Teotonio R)
670 ## - SOURCE DATA FOUND
- Source citation: Work cat.: (OSt)98512: DE SOUZA (Teotonio R)., Indo Portuguese history old issues new questions, 1985